书目信息 |
| 题名: |
北京故宫
|
|
| 作者: | 杨玉良 著 | |
| 分册: | ||
| 出版信息: | 上海 上海古籍出版社 1998.07 |
|
| 页数: | 138页 | |
| 开本: | 32开 | |
| 丛书名: | ||
| 单 册: | ||
| 中图分类: | K928.74 | |
| 科图分类: | ||
| 主题词: | 地理--中国 | |
| 电子资源: | ||
| ISBN: | 7-5325-2354-3 | |
| 000 | 00499nam0 2200181 45 | |
| 001 | 0011251175 | |
| 005 | 20001125111152.6 | |
| 010 | @a7-5325-2354-3@d9.30元 | |
| 100 | @a20001125d1998 km y0chiy0120 ea | |
| 101 | 0 | @achi |
| 200 | 1 | @a北京故宫@ABei Jing Gu Gong@f杨玉良著@FYang Yu Liang Zhu |
| 210 | @a上海@c上海古籍出版社@d1998.07 | |
| 215 | @a138页@d32开 | |
| 606 | 0 | @a地理@x中国 |
| 690 | @aK928.74@v3 | |
| 701 | 0 | @a杨玉良@4著 |
| 801 | @aCN@bPftUser@c20001125 | |
| 905 | @a?b503328-330@dK928.74@eY465 | |
| 北京故宫/杨玉良著.-上海:上海古籍出版社,1998.07 |
| 138页;32开 |
| ISBN 7-5325-2354-3:9.30元 |
| ● |
| 相关链接 |
|
|
|
正题名:北京故宫
索取号:K928.74/Y465
 
预约/预借
| 序号 | 登录号 | 条形码 | 馆藏地/架位号 | 状态 | 备注 |
| 1 | 503328 | 205033284 | 社科库309/309社科库 19排2列3层/ [索取号:K928.74/Y465] | 在馆 | |
| 2 | 503329 | 205033293 | 社科库309/309社科库 19排2列3层/ [索取号:K928.74/Y465] | 在馆 | |
| 3 | 503330 | 205033300 | 社科库309/309社科库 19排2列3层/ [索取号:K928.74/Y465] | 在馆 |